000 00409cam a2200157ua 4500
003 OSt
008 250222b |||||||| |||| 00| 0 eng d
041 _aeng
082 _a030.79603
_bASH/IN
100 _aAshokumar, .
_97224
245 _aInternational encylopedia of sports and games, Vol.IV /
250 _aI /
260 _aDelhi :
_bMittal Publications ,
_c2000.
300 _a928 ; .
942 _cREF
999 _c12198
_d12198